II CIIM: 2da. Conferencia iberoamericana de investigación musical. Trabajos presentados
Salvato in:
| Autore principale: | |
|---|---|
| Natura: | Libro |
| Lingua: | spagnolo portoghese |
| Pubblicazione: |
Lanús
Fundación para la Educación Musical
1998
|
| Soggetti: | |
| Tags: |
Aggiungi Tag
Nessun Tag, puoi essere il primo ad aggiungerne!!
|
MARC
| LEADER | 00000nam a2200000 a 4500 | ||
|---|---|---|---|
| 001 | UCN3509 | ||
| 003 | CL-VaPUC | ||
| 005 | 20240405095006.0 | ||
| 008 | 010629e19980000ag 1 spa d | ||
| 041 | 0 | 7 | |a spa |2 CL-VaPUC |
| 041 | 0 | 7 | |a por |2 CL-VaPUC |
| 082 | 0 | 4 | |a 780.72 |b MAL |2 21 |
| 100 | |a Malbrán, Silvia |e autora |9 619927 | ||
| 245 | 1 | 0 | |a II CIIM: 2da. Conferencia iberoamericana de investigación musical. Trabajos presentados |
| 260 | |a Lanús |b Fundación para la Educación Musical |c 1998 | ||
| 300 | |a 130 p | ||
| 583 | |a last modification |c 20010629 00:00:00 |k Rodrigo Vera | ||
| 650 | 0 | 0 | |a Investigación musical |9 460064 |
| 650 | 0 | 0 | |a Educación musical |9 310072 |
| 650 | 0 | 7 | |a EJECUCION MUSICAL |2 CL-VaPUC |9 460050 |
| 650 | 0 | 7 | |a COGNICION MUSICAL |2 CL-VaPUC |9 619926 |
| 942 | |c BK | ||
| 945 | |a cmena |d 20010629 00:00:00 | ||
| 546 | |a En Español | ||
| 546 | |a En Portugués | ||
| 536 | |a Universidad Nacional de Lanús | ||
| 536 | |a Fundación para la Fundación Musical | ||
| 518 | |p Conferencia Iberoamericana de Investigación Musical, 2, Lanús, 7 al 10 de Mayo de 1998 | ||
| 999 | |c 383669 |d 383667 | ||
| 952 | |0 0 |1 0 |4 0 |6 780_720000000000000_MAL_1998 |7 0 |8 A |9 505877 |a BIBEDU |b BIBEDU |d 2020-01-23 |i 3733971 |o 780.72 MAL 1998 |p 3733971 |r 2023-01-12 |w 2020-01-23 |y BK |k MUS | ||